| 000 | 00455nam a2200181Ia 4500 | ||
|---|---|---|---|
| 001 | 18921 | ||
| 005 | 20260306171706.0 | ||
| 008 | 260306s9999||||xx |||||||||||||| ||und|| | ||
| 041 | _aESP | ||
| 082 |
_a658.562 _bG63 |
||
| 100 |
_aGómez Martínez, José Antonio _eAUT |
||
| 245 | 0 |
_aGuía para la aplicación de ISO 9001: _b2015 |
|
| 260 | _c2017 | ||
| 300 |
_a315 páginas : _c24 cm. |
||
| 650 | _aGEN | ||
| 654 | _aCAN | ||
| 942 |
_cLIB _dJUS _fJUS _2ddc _n |
||
| 999 |
_c18921 _d18921 |
||